000 00276nam a22001337a 4500
003 SGT
082 _a370
_bM98D
100 _aDEV, ARJUN
245 _aMANAV ADHIKAR STROT GRANTH
260 _aNEW DELHI
_bSCERT
_c1998
300 _a217
650 _aEDUCATION
942 _2ddc
_cBK
999 _c12452
_d12452